Equity, Social Justice and Muslim Women (Record no. 3533)

MARC details
000 -LEADER
fixed length control field 00524nam a22001937a 4500
003 - CONTROL NUMBER IDENTIFIER
control field LK-CoMWRAF
005 - DATE AND TIME OF LATEST TRANSACTION
control field 20260402144140.0
008 - FIXED-LENGTH DATA ELEMENTS--GENERAL INFORMATION
fixed length control field 230910b1999 |||||||| |||| 00| 0 eng d
020 ## - INTERNATIONAL STANDARD BOOK NUMBER
International Standard Book Number 95556250042
040 ## - CATALOGING SOURCE
Original cataloging agency LK-CoMWRAF
Modifying agency LK-CoMWRAF
Description conventions LK-CoMWRAF
041 ## - LANGUAGE CODE
Language code of text/sound track or separate title English
082 ## - DEWEY DECIMAL CLASSIFICATION NUMBER
Classification number 305.48
Item number ENG
942 ## - ADDED ENTRY ELEMENTS (KOHA)
Koha item type Books
100 ## - MAIN ENTRY--PERSONAL NAME
Personal name Engineer, Asghar Ali
245 ## - TITLE STATEMENT
Title Equity, Social Justice and Muslim Women
260 ## - PUBLICATION, DISTRIBUTION, ETC. (IMPRINT)
Place of publication, distribution, etc. Colombo :
Name of publisher, distributor, etc. Muslim Women's Research and Action Forum,
Date of publication, distribution, etc. 1999
300 ## - PHYSICAL DESCRIPTION
Extent 26p ; 22cm
650 ## - SUBJECT ADDED ENTRY--TOPICAL TERM
Topical term or geographic name as entry element Muslims
Holdings
Withdrawn status Lost status Damaged status Not for loan Collection code Permanent Location Current Location Date acquired Full call number Barcode Koha item type
        MWRAF Publications Resource center, Muslim Women's Research And Action Forum Resource center, Muslim Women's Research And Action Forum 2023-09-10 305.48 ENG RAF1031 Books
        MWRAF Publications Resource center, Muslim Women's Research And Action Forum Resource center, Muslim Women's Research And Action Forum 2023-10-31 305.48 ENG RAF2552 Books
        MWRAF Publications Resource center, Muslim Women's Research And Action Forum Resource center, Muslim Women's Research And Action Forum 2023-10-31 305.48 ENG RAF2553 Books

Copyright © 2023 Muslim Women's Research and Action Forum (MWRAF), No 27/3, Anderson Road, Kalubowila, Dehiwela. Funded by The Asia Fundation